Online
Catalog

Bola de sebo : (Record no. 24376)

MARC details
000 -CABECERA
campo de control de longitud fija 00471nam a2200157 a 4500
001 - NÚMERO DE CONTROL
campo de control 000024883
005 - FECHA Y HORA DE LA ÚLTIMA TRANSACCIÓN
campo de control 20200930023428.0
008 - DATOS DE LONGITUD FIJA--INFORMACIÓN GENERAL
campo de control de longitud fija 110207s1942 ag r 000 0 spa d
040 ## - FUENTE DE LA CATALOGACIÓN
Centro catalogador/agencia de origen DO-SdBNP
Lengua de catalogación spa
Centro/agencia transcriptor BNPHU
082 ## - NÚMERO DE LA CLASIFICACIÓN DECIMAL DEWEY
Número de clasificación NNN
Número de documento/Ítem M452b
049 ## - FONDOS LOCALES (OCLC)
Fondos de biblioteca BNGR
100 1# - ENTRADA PRINCIPAL--NOMBRE DE PERSONA
Nombre de persona Maupassant, Guy de,
Fechas asociadas al nombre 1850-1893.
9 (RLIN) 13633
245 10 - MENCIÓN DE TÍTULO
Título Bola de sebo :
Resto del título (versión española) /
Mención de responsabilidad, etc. Guy de Maupassant.
260 ## - PUBLICACIÓN, DISTRIBUCIÓN, ETC.
Lugar de publicación, distribución, etc. Buenos Aires, (Argentina) :
Nombre del editor, distribuidor, etc. Tor,
Fecha de publicación, distribución, etc. [1942].
300 ## - DESCRIPCIÓN FÍSICA
Extensión 190, [1] p. ;
Dimensiones 18 cm.
Holdings
Estado de retiro Estado de pérdida Restricciones de uso No para préstamo Código de colección Localización permanente Ubicación/localización actual Ubicación en estantería Fecha de adquisición Número de inventario Total de préstamos Signatura topográfica completa Código de barras Fecha visto por última vez Precio válido a partir de Tipo de ítem Koha Número de copia
      Excluido de préstamo Monografías: Libros y Folletos General General En catalogación 23.02.2011 LF1   NNN M452b 24883-10 25.06.2020 25.06.2020 No se presta  
      Excluido de préstamo Monografías: Libros y Folletos General General En catalogación 23.02.2011 LF1   NNN M452b 24883-20 25.06.2020 25.06.2020 No se presta e.2

Powered by Koha